00946nam a2200229Ia 450000500170000000800410001704000270005804100080008524501800009326000670027330000230034050800860036354600230044961000340047265000230050665000340052965000530056365000150061665000370063170000210066871000270068920151026145322.0130821s2000 xxua gs eng  aCo-BoUCMbspac[Nuevo]00aeng03a30 Frames a Second The WTO in Seattle. Photojournalist's personal odyssey through the streets of Seattle during the WTO meetingc[DVD]cescrita y dirigida por Rustin Thompson aWashington D.C. (Estados Unidos)bWhite Noise Productionc2000 a1 DVDbson., color aCREDITOS : Rustin Thompson, director; Rustin Thompson y Ann Hedreen, productores. aAudio en Inglés. aWorld Trade Organization. WTO04aCiencia política04aEconomía internacionalvDVD04aMovimientos de protestazSegovia (españa)vDVD04aPeriodismo04aPeriodistaszEstados UnidosvDVD1 aThompson, Rustin2 aWhite Noise Production